| 000 | 00967nam a2200253Ia 4500 | ||
|---|---|---|---|
| 003 | OSt | ||
| 005 | 20220923220520.0 | ||
| 006 | a|||||r|||| 00| 0 | ||
| 007 | ta | ||
| 008 | 220922b |||||||| |||| 00| 0 hin d | ||
| 024 | _a187,297 | ||
| 037 | _cTextual | ||
| 040 |
_aARTS _cARTS _bhin |
||
| 041 |
_2hin _ahin |
||
| 082 | _aWv2.N5, 152L0;L9-;2 | ||
| 100 | _aसूद, ज्योति प्रसाद | ||
| 245 | 0 | _aआधुनिक भारतीय सामजिक तथा राजनीतिक विचार की मुख्य धाराएं | |
| 246 | _aĀdhunik bhāratīya sāmajik tathā rājanītik vichār kī mukhya dhārāean | ||
| 250 | _aस्ंास्क0 2 | ||
| 260 |
_aमेरठ _b के नाथ एण्ड संस _c1979 |
||
| 300 |
_a508 पृ. _ccm. |
||
| 942 |
_hWv2.N5, 152L0;L9-;2 _cTEXL _2CC |
||
| 999 |
_c340374 _d340374 |
||